00480nam a2200205Ia 4500008004100000020001400041050001400055100001600069245001400085245002700099245001600126260001500142260001600157260000900173300001500182300002700197300001000224440003200234500000800266170918s9999 xx 000 0 und d a439267072 bM398 2002 aMasoff, Joy aEverest : breaching for the sky / cJoy Masoff. aNew York : bScholastic, c2002 a48 pages : bcolored illustration ; c23cm. aScholastic history readers. a850